000 00303nam a22001097a 4500
008 230704b xxu||||| |||| 00| 0 eng d
082 _a342.03
_bKIP 2006
245 _aReport of the Committee of Eminent Persons on the Constitution Review Process
260 _c2006
300 _aXIX,137p
942 _2ddc
_cBK
999 _c3612
_d3612